Statistics for Asian Map without 10 Random Countries

Click here to take the quiz!

General Stats

  • This quiz has been taken 15,633 times
  • The average score is 9 of 10

Answers on the Map

Answers color-coded by a green-red scale on the quiz's map according to % correct below.
 

Answer Stats

Country% Correct
China
100%
India
99%
Pakistan
99%
Iran
98%
Kazakhstan
98%
Mongolia
98%
Nepal
98%
Saudi Arabia
98%
Afghanistan
97%
Indonesia
96%
Iraq
96%
Laos
95%
Thailand
95%
Uzbekistan
95%
Yemen
95%
Myanmar
94%
South Korea
94%
Bhutan
93%
Oman
93%
Tajikistan
93%
Bangladesh
92%
Jordan
92%
North Korea
92%
Turkmenistan
92%
Japan
91%
Kyrgyzstan
91%
Sri Lanka
91%
Turkey
90%
Vietnam
90%
Armenia
89%
Malaysia
89%
Cambodia
88%
Azerbaijan
87%
Syria
86%
Taiwan
86%
Philippines
80%
Georgia
78%
Israel
74%
United Arab Emirates
73%
Qatar
72%
Maldives
71%
Kuwait
68%
Lebanon
61%
East Timor
59%
Cyprus
47%

Score Distribution

Percentile by Number Answered

Percent of People with Each Score

Your Score History

You have not taken this quiz